Vplyv epidurálnej pôrodníckej analgézie na plod a novorodenca

Bibliographic Details
Main Authors: Tomáš, Stanislav, 1968- (Author), Danko, Ján, 1950- (Author), Kaliský, Martin (Author)
Format: Article
Language:Slovak
PhysicalDescription:Tab.
ISSN:1210-1133
Subjects:

MARC

LEADER 00000nab a2200000 a 4500
001 vtls000776755
003 SK-MaSNL
005 20260304175149.0
008 160405c2001 xo 0 slo
015 |a SNBRB2002/01-00278 
035 |a CLN000128541 
040 |a SNKBUCL  |b slo  |c SNKBUCL  |e AACR2 
041 0 |a slo 
044 |a xo  |c SK 
080 |a 618.4-089.5:611.829.5:618.29  |2 1997 
100 1 |a Tomáš, Stanislav,  |d 1968-  |4 aut  |9 196476 
245 1 0 |a Vplyv epidurálnej pôrodníckej analgézie na plod a novorodenca  |c S. Tomáš, J. Danko, M. Kaliský 
246 1 1 |a The influence of epidural labour analgesia on the fetus and newborn 
300 |b Tab. 
504 |a Res. angl., slov. 
504 |a Bibliogr. odkazy 
650 0 7 |a pôrod  |2 SNKPH  |9 3957 
650 0 7 |a novorodenec  |2 SNK  |9 674394 
650 0 7 |a metódy  |2 SNKPH  |9 3855 
650 0 7 |a pôrodnícka analgézia  |2 SNK  |9 846259 
650 0 7 |a Apgarovej skóre  |2 SNK  |9 874545 
650 0 7 |a acidobázická rovnováha  |2 SNK  |9 75075 
650 0 7 |a pôrod (z hľadiska dieťaťa)  |2 snkbucl  |9 1293706 
650 0 7 |a epidurálna analgézia  |2 SNKPH  |9 132455 
650 0 7 |a fyziológia  |2 SNKPH  |9 697 
650 0 7 |a tehotenstvo  |2 SNKPH  |9 2477 
650 0 7 |a účinky liekov  |2 SNKPH  |9 102769 
655 7 |a články z novín a časopisov  |2 SNK  |9 267496 
700 1 |a Danko, Ján,  |d 1950-  |4 aut  |9 133280 
700 1 |a Kaliský, Martin  |4 aut  |9 1403068 
773 0 |x 1210-1133  |t Gynekolog  |g Roč. 10, č. 4 (2001), s. 147-149 
850 |a Slovenská národná knižnica v Martine 
852 |a SNK  |b KIS3GCP 
958 |a NB 
958 |a MI 
958 |a RBX 
999 |c 3012239  |d 3014169